000 00530nam a2200157 4500
001 111122
003 ES-MaACL
007 t|
008 061121s1948 sp r ||||1| spa d
100 1 _aNahmias, Maurice E.
_984862
245 1 0 _aArtillería atómica /
_cpor Maurice E. Nahmias ; traducido de la 2ª ed. francesa por Emilio Sevilla Richart.
260 _aValencia :
_bGuerri, S.A.,
_c1948.
300 _a216 p. láms. I-XX :
_bil ;
_c22 cm.
700 1 _aSevilla Richart, Emilio.
_9105942
852 _aES-MaACL
_jE-207
_bR.26448
999 _c111122
_d111122